Central Library OPAC University of Rajshahi

Administration of criminal justice : (Record no. 6398)

MARC details
000 -LEADER
fixed length control field 01051nam a2200277 a 4500
001 - CONTROL NUMBER
control field 6398
003 - CONTROL NUMBER IDENTIFIER
rucl marc code BD-RjUL
005 - DATE AND TIME OF LATEST TRANSACTION
control field 20211208234233.0
008 - FIXED-LENGTH DATA ELEMENTS--GENERAL INFORMATION
fixed length control field 14 s1997 ii a 00100 eng d
020 ## - INTERNATIONAL STANDARD BOOK NUMBER
International Standard Book Number 8171008739 (set : hbk.)
International Standard Book Number 8171008720
035 ## - SYSTEM CONTROL NUMBER
System control number (BD-RjUL)6438
040 ## - CATALOGING SOURCE
Original cataloging agency ANL
Transcribing agency ANL
Language of cataloging eng
Modifying agency BD-RjUL
041 ## - LANGUAGE CODE
Language code of text/sound track or separate title eng
082 0# - DEWEY DECIMAL CLASSIFICATION NUMBER
Classification number 353.40954
Edition number 21
Author mark and year ADM 1997
245 00 - TITLE STATEMENT
Title Administration of criminal justice :
Remainder of title the correctional services /
Statement of responsibility, etc. edited by N.K. Chakrabarti ; foreword by V.R. Krishna Iyer.
260 ## - PUBLICATION, DISTRIBUTION, ETC. (IMPRINT)
Place of publication, distribution, etc. New Delhi, India :
Name of publisher, distributor, etc. Deep & Deep Publications,
Date of publication, distribution, etc. c1997.
300 ## - PHYSICAL DESCRIPTION
Pagination 5 v. :
Illustrations ill. ;
Size 22 cm.
500 ## - GENERAL NOTE
General note Includes bibliographical references and index.
504 ## - BIBLIOGRAPHY, ETC. NOTE
Bibliography, etc includes index
505 0# - FORMATTED CONTENTS NOTE
Formatted contents note 1. Perception and practice -- 2. Institutional corrections -- 3. Probation services -- 4. Juvenile justice -- 5. Social defence.
650 #0 - SUBJECT ADDED ENTRY--TOPICAL TERM
Topical term or geographic name as entry element Criminal justice, Administration of
Geographic subdivision India.
9 (RLIN) 16628
700 1# - ADDED ENTRY--PERSONAL NAME
Personal name Chakrabarti, N. K.,
Dates associated with a name 1933-
Personal name Krishna Iyer, V. R.,
Dates associated with a name 1915-
942 ## - ADDED ENTRY ELEMENTS (KOHA)
Source of classification or shelving scheme Dewey Decimal Classification
Koha item type Books
Holdings
Lost status Source of classification or shelving scheme Damaged status Not for loan Collection code Permanent Location Current Location Date acquired Source of acquisition Cost, normal purchase price Total Checkouts Full call number Date last seen Copy number Koha item type Shelving location
  Dewey Decimal Classification   Not For Loan Non-fiction Central Library, University of Rajshahi Central Library, University of Rajshahi 29/03/2000 Dhaka lucky syndicate 1800.00   353.40954 ADM 1997 11/01/2014 C-1 Books  
  Dewey Decimal Classification     Non-fiction Central Library, University of Rajshahi Central Library, University of Rajshahi 29/03/2000 Dhaka lucky syndicate 1800.00   353.40954 V-4 ADM 1997 14/08/2016 C-2 Books  
  Dewey Decimal Classification     Non-fiction Central Library, University of Rajshahi Central Library, University of Rajshahi 29/03/2000 Dhaka lucky syndicate 1800.00   353.40954 V-3 ADM 1997 14/08/2016 C-3 Books  
  Dewey Decimal Classification     Non-fiction Central Library, University of Rajshahi Central Library, University of Rajshahi 29/03/2000 Dhaka lucky syndicate 1800.00   353.40954 V-2 ADM 1997 14/08/2016 C-4 Books  
  Dewey Decimal Classification     Non-fiction Central Library, University of Rajshahi Central Library, University of Rajshahi 29/03/2000 Dhaka lucky syndicate 1800.00   353.40954 V-1 ADM 1997 14/08/2016 C-5 Books